Guess the random Taylor Swift Song Lyrics 22 - Statistics

General Stats
  • This quiz has been taken 10 times
  • The average score is 426 of 469
Answer Stats
Answer % Correct
All
100%
all
100%
(all
100%
And
100%
and
100%
been
100%
do
100%
go
100%
had
100%
Had
100%
I
100%
in
100%
it
100%
it's
100%
just
100%
love
100%
me
100%
of
100%
Of
100%
that
100%
The
100%
the
100%
then
100%
This
100%
this
100%
to
100%
was
100%
When
100%
when
100%
you
100%
You
100%
your
100%
about
89%
But
89%
don't
89%
have
89%
is
89%
know
89%
like
89%
Off
89%
(Oh
89%
oh
89%
oh)
89%
(oh
89%
Oh
89%
(Stay)
89%
stay
89%
(stay)
89%
(stay
89%
stay)
89%
they
89%
too
89%
up
89%
us
89%
want
89%
were
89%
what
89%
always
78%
are
78%
aside
78%
away
78%
back
78%
believe
78%
changed
78%
drove
78%
gone
78%
goodbye
78%
hand
78%
late
78%
less
78%
lock
78%
more
78%
not
78%
Not
78%
now
78%
Now
78%
out
78%
palm
78%
People
78%
people
78%
pushed
78%
road
78%
say
78%
think
78%
wanna
78%
wanted
78%
you've
78%
ah
67%
could've
67%
easy
67%
forever
67%
gave
67%
Here
67%
(hey
67%
hey
67%
hey)
67%
Hey
67%
I've
67%
let
67%
Let
67%
made
67%
well
67%
Why'd
67%
mess
56%
pickin'
56%
remind
56%
callin'
44%
ended
44%
ooh)
44%
pieces
44%
No matching quizzes found
Score Distribution
Percent of People with Each Score
Percentile by Number Answered
Your Score History
You have not taken this quiz